[Event "Hersonissos Online op"]
[White "Marnellos, Georgios"]
[Black "Papaioannou, Dimitrios1"]
[Site "Chess.com INT"]
[Round "6"]
[Result "0-1"]
[Date "2020.06.10"]
[WhiteElo "1013"]
[BlackElo "1745"]
[PlyCount "72"]
[EventDate "2020.06.05"]
[EventType "swiss"]
[EventRounds "9"]
[EventCountry "GRE"]
[SourceTitle "EXT 2021"]
[Source "ChessBase"]
[SourceDate "2020.10.23"]
[SourceVersion "1"]
[SourceVersionDate "2020.10.23"]
[SourceQuality "1"]

1. e4 c5 2. Nf3 Nc6 3. d4 cxd4 4. Nxd4 e5 5. Nf3 Nf6 6. Nc3 Bb4 7. Bg5 Bxc3+ 8. bxc3 Qc7 9. Bd3 d6 10. h3 Be6 11. 0-0 Nd7 12. Re1 0-0 13. Qd2 Nb6 14. Be3 Nc4 15. Bxc4 Bxc4 16. Nh2 Rac8 17. f4 exf4 18. Bxf4 Rfd8 19. Red1 Ne5 20. Nf3 Nxf3+ 21. gxf3 Qc5+ 22. Be3 Qh5 23. Qg2 d5 24. exd5 Rd6 25. Rd4 Rg6 26. Rg4 Bxd5 27. Rxg6 hxg6 28. Kf2 Rxc3 29. Rc1 Qe5 30. Bxa7 Rxf3+ 31. Qxf3 Qh2+ 32. Ke3 Qe5+ 33. Kf2 Bxf3 34. Kxf3 Qd5+ 35. Ke2 Qxa2 36. Kd2 Qxa7 0-1

[Event "Hersonissos Online op"]
[White "Holmstrom, Dennis"]
[Black "Marnellos, Georgios"]
[Site "Chess.com INT"]
[Round "3"]
[Result "1-0"]
[Date "2020.06.07"]
[WhiteElo "1612"]
[BlackElo "1013"]
[PlyCount "39"]
[EventDate "2020.06.05"]
[EventType "swiss"]
[EventRounds "9"]
[EventCountry "GRE"]
[SourceTitle "CBM 196 Extra"]
[Source "ChessBase"]
[SourceDate "2020.07.31"]
[SourceVersion "1"]
[SourceVersionDate "2020.07.31"]
[SourceQuality "1"]

1. c4 e5 2. Nc3 Nf6 3. Nf3 Nc6 4. g3 g6 5. Bg2 Bg7 6. 0-0 0-0 7. e3 d6 8. d4 exd4 9. exd4 Ne7 10. Qb3 c6 11. d5 Re8 12. Ng5 c5 13. Nge4 Nxe4 14. Nxe4 Nf5 15. Be3 Nxe3 16. fxe3 Bf5 17. Nf2 b6 18. e4 Bd7 19. Kh1 Qg5 20. Rad1 1-0

[Event "Agios Nikolaos op 3rd"]
[White "Been, Klaas"]
[Black "Marnellos, Georgios"]
[Site "Agios Ioannis"]
[Round "4"]
[Result "1-0"]
[Date "2019.08.28"]
[WhiteElo "1609"]
[BlackElo "1063"]
[PlyCount "61"]
[EventDate "2019.08.26"]
[EventType "swiss"]
[EventRounds "9"]
[EventCountry "GRE"]
[SourceTitle "EXT 2020"]
[Source "ChessBase"]
[SourceDate "2019.10.17"]
[SourceVersion "1"]
[SourceVersionDate "2019.10.17"]
[SourceQuality "1"]

1. d4 d5 2. Nf3 Nf6 3. e3 Bf5 4. Bd3 Bg6 5. 0-0 e6 6. Qe2 c5 7. c3 c4 8. Bc2 Bd6 9. Ba4+ Nc6 10. Ne5 Rc8 11. Nd2 0-0 12. Nxg6 fxg6 13. e4 Nxe4 14. Nxe4 dxe4 15. Qxc4 Qd7 16. Qe2 Qe7 17. Qxe4 e5 18. Bxc6 Rxc6 19. Re1 Re8 20. Qd5+ Kh8 21. Bf4 e4 22. Bxd6 Rxd6 23. Qc5 b6 24. Qb4 Qe6 25. Re3 Rd5 26. Rae1 Qf5 27. Rxe4 Qf8 28. Rxe8 Qg8 29. Rxg8+ Kxg8 30. Re8+ Kf7 31. Qe7# 1-0

[Event "Agios Nikolaos op 3rd"]
[White "Foinikianaki, Stella"]
[Black "Marnellos, Georgios"]
[Site "Agios Ioannis"]
[Round "2"]
[Result "1-0"]
[Date "2019.08.27"]
[WhiteElo "1546"]
[BlackElo "1063"]
[PlyCount "59"]
[EventDate "2019.08.26"]
[EventType "swiss"]
[EventRounds "9"]
[EventCountry "GRE"]
[SourceTitle "EXT 2020"]
[Source "ChessBase"]
[SourceDate "2019.10.17"]
[SourceVersion "1"]
[SourceVersionDate "2019.10.17"]
[SourceQuality "1"]

1. e4 e5 2. Nf3 Nc6 3. Bc4 Bc5 4. c3 Nf6 5. d4 exd4 6. cxd4 Bb4+ 7. Bd2 Bxd2+ 8. Nbxd2 d5 9. exd5 Nxd5 10. 0-0 0-0 11. Rc1 Bg4 12. h3 Bh5 13. Bxd5 Qxd5 14. Rc5 Bxf3 15. Nxf3 Qd6 16. Qd3 h6 17. Rfc1 Rad8 18. Qb5 Nxd4 19. Nxd4 Qxd4 20. Rxc7 b6 21. Rxa7 Rd5 22. Qe2 Re5 23. Qd1 Qb4 24. b3 Rc8 25. Rxc8+ Kh7 26. Qd3+ Re4 27. Rc4 Qe1+ 28. Kh2 Qe2 29. Qxe4+ Qxe4 30. Rxe4 1-0